Kültürel haklar dünyadaki uygulamalar ve Türkiye için bir model önerisi / (Kayıt no. 12668)

MARC ayrıntıları
000 -BAŞLIK
Sabit Uzunlukta Kontrol Alanı 00754nam a22002417a 4500
999 ## - SİSTEM KONTROL NUMARALARI (KOHA)
Koha Biblionumber 12668
Koha Biblioitemnumber 12668
003 - KONTROL NUMARASI IDENTIFIER
Denetim Alanı TR-AnCHP
005 - SON İŞLEM TARİHİ VE ZAMANI
Denetim Alanı 20190205102930.0
008 - SABİT-BOY VERİ ELEMANLARI - GENEL BİLGİLER
Sabit Uzunlukta Kontrol Alanı 190205b tu ||||| |||| 00| 0 tur d
020 ## - ULUSLARARASI STANDART KİTAP NUMARASI
Uluslararası Standart Kitap Numarası 9755201351
040 ## - KATALOGLAMA KAYNAK
Orijinal Kataloglama Ajansı TR-AnCHP
Metne Dönüştürmek Ajansı TR-AnCHP
041 ## - DİL KODU
Metin / Ses Parça Veya Ayrı Başlığın Dil Kodu tur
082 ## - DEWEY ONLU SINIFLANDIRMA NUMARASI
Sınıflandırma Numarası 323.4
Ürün Numarası T21k 1996
100 1# - ANA GİRİŞ - KİŞİSEL İSİM
Kişisel Ad Tacar, Pulat
Bir Adıyla İlişkilendirilen Tarihler 1931-
245 ## - BAŞLIK TABLOSU
Başlık Kültürel haklar dünyadaki uygulamalar ve Türkiye için bir model önerisi /
Sorumluluk Tablosu, Vb Pulat Tacar.
260 ## - YAYIN, DAĞITIM, VB
Yayın, Dağıtım, Vb Yeri Ankara :
Yayıncı, Dağıtıcı, Vs Adı Gündoğan yayınları;
Yayın, Dağıtım, Vb Tarihi 1996.
300 ## - FİZİKSEL TANIM
Kapsam 149 s. ;
Boyutlar 20 sm.
490 0# - SERİSİ TABLOSU
Seri Beyanı Gündoğan yayınları ;
Hacim / Ardışık Tanımı 96.122.
490 0# - SERİSİ TABLOSU
Seri Beyanı Siyaset/sosyoloji dizisi ;
Hacim / Ardışık Tanımı 02.35
650 #0 - KONU KATMA GİRİŞ - TOPİKAL DÖNEM
Topikal Süreli Veya Coğrafi Ad Giriş Elemanı İnsan hakları
9 (RLIN) 500
Genel Alt Bölümü Türkiye
650 #0 - KONU KATMA GİRİŞ - TOPİKAL DÖNEM
Topikal Süreli Veya Coğrafi Ad Giriş Elemanı Kültürel haklar
9 (RLIN) 5117
Genel Alt Bölümü Türkiye
910 ## - KULLANICI SEÇENEK, VERİLERİN (OCLC)
Kullanıcı Seçenek Veri 01332
942 ## - EKLENDİ GİRİŞ ELEMANLARI (KOHA)
Sınıflandırma Veya Raf Düzeni Kaynak Dewey Decimal Classification
Koha Öğesi Türü Kitaplar
Mevcut
Kalıcı Konum Mevcut Konum Edinme Tarihi Edinim Kaynak Toplam Check-Out'Lar Tam Çağrı Numarası Barkod Tarih Son Görülme İtibaren Geçerli Fiyatlar Sigara Kamu Notu Koha Öğesi Türü
CHP Kütüphanesi CHP Kütüphanesi 02/05/2019 Bağış   323.4 T21k 1996 018776 02/05/2019 02/05/2019 Ertuğrul Çepni bağışıdır. Kitaplar